000 00239nam a2200121Ia 4500
100 _a#N/A
942 _cBK
245 _aThampi Object Oriented Programming in JAVA
260 _b#N/A
082 _b22233
546 _aENGLISH
999 _c34251
_d34251